Statistics for Top Universities in the World 2024

Click here to take the quiz!

General Stats

  • This quiz has been taken 22 times
  • The average score is 4 of 25

Answer Stats

Answer% Correct
4Harvard University
73%
16Yale University
60%
3University of Oxford
53%
5Stanford University
47%
2University of Cambridge
47%
1Massachusetts Institute of technology
33%
18Princeton University
33%
15California Institute of Technology
13%
23Columbia University
13%
11University of Chicago
13%
7ETH Zurich
7%
9University College London
7%
10University of California, Berkeley
7%
22University of Edinburgh
7%
12University of Pennsylvania
7%
13Cornell University
0%
6Imperial College London
0%
8National University of Singapore
0%
17Peking University
0%
25Tsinghua University
0%
14University of Melbourne
0%
19University of New South Wales
0%
20University of Sydney
0%
21University of Toronto
0%
24University PSL
0%

Score Distribution

Percentile by Number Answered

Percent of People with Each Score

Your Score History

You have not taken this quiz